| 000 | 00774nam a2200265 u 4500 | ||
|---|---|---|---|
| 003 | MX-MxUPN | ||
| 005 | 20241211150220.0 | ||
| 008 | 100811s2003 sp gr 001 0 spa d | ||
| 020 | _a849727055X | ||
| 035 | _aUPN01000177283 | ||
| 040 |
_aMX-MxUPN _bspa |
||
| 041 | _aspa | ||
| 050 | 4 |
_aHV6593 E5 _bU7.2 |
|
| 100 | 1 |
_aUrra Portillo, Javier _947000 |
|
| 245 | 1 | 0 |
_aAgresor sexual : _bcasos reales riesgo de reincidencia |
| 260 |
_aMadrid : _bEditorial EOS, _c2003. |
||
| 300 | _a379 páginas | ||
| 490 | 0 | _aColección psicología | |
| 504 | _aIncluye índices | ||
| 650 | 0 |
_aDelitos sexuales _zEspaña _xAspectos psicológicos _916318 |
|
| 650 | 7 |
_aDelitos sexuales _97343 |
|
| 650 | 2 |
_aDelincuentes sexuales _916317 |
|
| 905 | _aLibro | ||
| 942 |
_2lcc _cLIBRO _n0 |
||
| 999 |
_c149386 _d149386 |
||